000 00472nam a2200133Ia 4500
008 220216s9999 xx 000 0 und d
100 _aBanerji M S
245 0 _aKinetic study of TGA decomposition of EPDM rubber
260 _bInternational Conference and Exhibition on Rubber and Allied Materials Asia Rub Tech Expo 2002. 28-30 November 2002, New Delhi. pp.512-516.
650 _aEPDM rubber
650 _aTGA decomposition
700 _aChowdhuri Rajesh
942 _cJS
999 _c61862
_d61862